[Event "Int. StuttgarterStadtmeisterschaft C"]
[Site "Ditzingen"]
[Date "2019.06.01"]
[Round "5.3"]
[White "Kandler, Christoph"]
[Black "Wolff, Calvin"]
[Result "1-0"]
[WhiteElo "1385"]
[BlackElo "1181"]
[PlyCount "129"]
[EventDate "2019.??.??"]
[WhiteTeam "SF Nabern"]
[BlackTeam "Heilbronner SV"]

1. e4 e5 2. Nf3 Nc6 3. Bc4 Bc5 4. b4 Bxb4 5. c3 Ba5 6. d4 exd4 7. O-O b5 8. Bd5
Nf6 9. Bg5 h6 10. Bh4 Ba6 11. Qb3 O-O 12. cxd4 b4 13. Rc1 Bb7 14. e5 g5 15.
exf6 gxh4 16. Nbd2 Qxf6 17. Ne4 Qg6 18. Nxh4 Qg7 19. Nf5 Nxd4 20. Nxd4 Qxd4 21.
Bxb7 Rab8 22. Rd1 Qe5 23. Qd5 Rfe8 24. Qxe5 Rxe5 25. Nf6+ Kg7 26. Nxd7 Rxb7 27.
Nxe5 b3 28. axb3 Bc3 29. Rab1 Bxe5 30. g3 c5 31. Rd5 Bd4 32. Rd8 a5 33. Ra8 Rb5
34. Rd1 Rxb3 35. Rxa5 Rb2 36. Rf1 c4 37. Rd5 Bf6 38. Rd7 c3 39. Rc7 Be5 40. Rc6
f6 41. f4 Bd4+ 42. Kh1 Be3 43. Rxc3 Bd2 44. Rd3 Bb4 45. Rd7+ Kg6 46. Rb7 Kf5
47. h3 h5 48. Rb5+ Kg6 49. f5+ Kg5 50. Rf4 Rb1+ 51. Kg2 Rb2+ 52. Kf3 Rb3+ 53.
Ke4 Rb2 54. h4+ Kh6 55. Kf3 Rb3+ 56. Kg2 Rb2+ 57. Kh3 Rc2 58. Rfxb4 Rc7 59. Rb8
Rh7 60. Rg8 Rb7 61. Rg6+ Kh7 62. Rxb7+ Kh8 63. Rxf6 Kg8 64. Ra6 Kf8 65. Ra8#
1-0

[Event "Int. StuttgarterStadtmeisterschaft C"]
[Site "Ditzingen"]
[Date "2019.06.01"]
[Round "5.4"]
[White "Ropertz, Benjamin"]
[Black "Winterkorn, Nikolaus"]
[Result "1-0"]
[WhiteElo "1260"]
[BlackElo "1358"]
[PlyCount "97"]
[EventDate "2019.??.??"]
[WhiteTeam "TSF Ditzingen"]
[BlackTeam "DJK Sportbund Stgt."]

1. b4 d5 2. Bb2 Bd7 3. e3 e6 4. Nf3 Nc6 5. b5 Nce7 6. Ne5 Nf5 7. Be2 Nf6 8. O-O
Nd6 9. a4 a6 10. Nxd7 Nxd7 11. d4 Nf6 12. Nd2 Be7 13. c4 O-O 14. Ba3 Nde4 15.
Bxe7 Qxe7 16. Nxe4 Nxe4 17. cxd5 Nc3 18. Qc2 Nxd5 19. Bf3 Rfd8 20. Bxd5 Rxd5
21. Rac1 Rd7 22. Qc5 axb5 23. Qxe7 Rxe7 24. axb5 b6 25. Ra1 Ree8 26. Ra6 Rxa6
27. bxa6 Ra8 28. Ra1 Kf8 29. Kf1 Ke7 30. Ke2 Kd6 31. Kd3 b5 32. Kc3 Kc6 33. Kb4
Kb6 34. a7 c6 35. e4 h6 36. f4 f6 37. g4 g5 38. f5 e5 39. dxe5 c5+ 40. Kc3 Kc7
41. Ra6 fxe5 42. Rxh6 Kb7 43. Rg6 Kxa7 44. Rc6 Rd8 45. Rxc5 Kb6 46. Rxe5 Rh8
47. f6 Rxh2 48. Rf5 Rh6 49. f7 1-0

[Event "Int. StuttgarterStadtmeisterschaft C"]
[Site "Ditzingen"]
[Date "2019.06.01"]
[Round "5.5"]
[White "Heel, Lorenzo"]
[Black "KÃ¤fer, Hermann"]
[Result "1-0"]
[WhiteElo "1146"]
[BlackElo "1337"]
[PlyCount "43"]
[EventDate "2019.??.??"]
[WhiteTeam "SF Pfullingen"]
[BlackTeam "SC Ostfildern"]

1. d4 d5 2. Nc3 e6 3. Bf4 c5 4. e3 Nc6 5. Nb5 e5 6. dxe5 Be6 7. Nf3 h6 8. h4 a6
9. Nc3 b5 10. a3 Be7 11. Bg3 Qd7 12. Be2 f6 13. Qd2 b4 14. axb4 cxb4 15. Na4
Bd8 16. Nd4 Nxd4 17. Qxd4 Ne7 18. exf6 Nf5 19. fxg7 Qxg7 20. Qxg7 Nxg7 21. Nc5
a5 22. Be5 1-0

[Event "Int. StuttgarterStadtmeisterschaft C"]
[Site "Ditzingen"]
[Date "2019.06.01"]
[Round "5.6"]
[White "Polarczyk, Thomas"]
[Black "BalÃ³, Levente"]
[Result "0-1"]
[WhiteElo "1326"]
[BlackElo "1251"]
[PlyCount "117"]
[EventDate "2019.??.??"]
[WhiteTeam "SV Leonberg"]
[BlackTeam "SK Sachsenheim"]

1. e4 d6 2. d4 Nf6 3. Nc3 g6 4. Bg5 Bg7 5. Qd2 O-O 6. O-O-O Re8 7. f4 e5 8.
dxe5 a6 9. exf6 Bf8 10. Bd3 b5 11. Nd5 Be6 12. Ne7+ Kh8 13. b3 c6 14. f5 Bc8
15. fxg6 fxg6 16. f7 Rxe7 17. Bf6+ Bg7 18. Qc3 Rxf7 19. Bxg7+ Rxg7 20. Rf1 Be6
21. Ne2 c5 22. Nf4 Bg8 23. Rf2 Nc6 24. Rhf1 Nb4 25. Kb2 Qe7 26. a3 Nc6 27. Nd5
Bxd5 28. exd5 Nd4 29. Qd2 Qc7 30. Rf8+ Rxf8 31. Rxf8+ Rg8 32. Rxg8+ Kxg8 33.
Qf4 Qg7 34. c3 Nxb3 35. Kxb3 c4+ 36. Bxc4 bxc4+ 37. Qxc4 Qb7+ 38. Kc2 a5 39.
Qc6 Qe7 40. Qc8+ Kg7 41. Kd3 Qe5 42. Qc7+ Kh6 43. Qxa5 Qxh2 44. Qb6 g5 45. Qf2
Kg6 46. a4 Qh1 47. Qc2 h5 48. Kc4+ Kh6 49. a5 h4 50. Kb5 Qf1+ 51. c4 g4 52. a6
Qf8 53. Qd2+ Kh5 54. Qd4 Qe8+ 55. Ka5 h3 56. gxh3 gxh3 57. a7 h2 58. Qd1+ Kh4
59. Qh1 {(...)} 0-1

[Event "Int. StuttgarterStadtmeisterschaft C"]
[Site "Ditzingen"]
[Date "2019.06.01"]
[Round "5.7"]
[White "Laun, Hauke"]
[Black "Aird, David"]
[Result "1-0"]
[WhiteElo "1299"]
[BlackElo "1129"]
[PlyCount "53"]
[EventDate "2019.??.??"]
[WhiteTeam "SF Pfullingen"]
[BlackTeam "SV Stuttgart-Wolfbusch"]

1. d4 d5 2. Bf4 e6 3. e3 c5 4. c3 Nf6 5. Nd2 Nbd7 6. Ngf3 b6 7. Bb5 a6 8. Bc6
Rb8 9. Bxb8 b5 10. Ne5 Qb6 11. Nxd7 Bxd7 12. Bxd7+ Nxd7 13. Bg3 Be7 14. Nf3 O-O
15. Ne5 Qb7 16. Nxd7 Qxd7 17. h4 f5 18. f4 Bd6 19. h5 h6 20. Bf2 Re8 21. g4
cxd4 22. gxf5 dxe3 23. Bxe3 exf5 24. Qxd5+ Kh8 25. Kd2 Qe7 (25... Rxe3 26. Kxe3
$4 Bxf4+ 27. Kd4 Be3+ 28. Ke5 Bf4+ $11) 26. Rae1 Bb4 27. Bd4 1-0

[Event "Int. StuttgarterStadtmeisterschaft C"]
[Site "Ditzingen"]
[Date "2019.06.01"]
[Round "5.9"]
[White "Erhardt, Daniel"]
[Black "Wohlgemuth, Wolfgang"]
[Result "1/2-1/2"]
[WhiteElo "1264"]
[BlackElo "1123"]
[PlyCount "43"]
[EventDate "2019.??.??"]
[WhiteTeam "Schach-Kids Bernhausen e.V."]
[BlackTeam "TG Biberach"]

1. e4 c5 2. c4 Nc6 3. g3 e6 4. Bg2 g6 5. Ne2 Bg7 6. Nbc3 Nge7 7. d3 a6 8. O-O
O-O 9. f4 Nd4 10. e5 d6 11. Ne4 Nef5 12. g4 Nxe2+ 13. Qxe2 Nd4 14. Qd2 dxe5 15.
Nxc5 Qb6 16. b4 a5 17. Ba3 Bh6 18. g5 Bg7 19. Rab1 Qc7 20. bxa5 Rxa5 21. Nxb7
Rxa3 22. Qb4 1/2-1/2

[Event "Int. StuttgarterStadtmeisterschaft C"]
[Site "Ditzingen"]
[Date "2019.06.01"]
[Round "5.10"]
[White "Volk, Emil"]
[Black "DÃ¶rr, Florian"]
[Result "1-0"]
[WhiteElo "1219"]
[BlackElo "1493"]
[PlyCount "25"]
[EventDate "2019.??.??"]
[WhiteTeam "SC Grunbach"]
[BlackTeam "SC Ostfildern"]

1. d4 b6 2. c3 Bb7 3. e3 Nf6 4. f4 e6 5. Nf3 c5 6. Bd3 Be7 7. O-O d5 8. Ne5 Ne4
9. Nd2 Nd7 10. Qf3 f5 11. Qh5+ g6 12. Nxg6 Ndf6 13. Bb5+ 1-0

[Event "Int. StuttgarterStadtmeisterschaft C"]
[Site "Ditzingen"]
[Date "2019.06.01"]
[Round "5.12"]
[White "Dietrich, Malte"]
[Black "Lindemann, Bastian"]
[Result "1-0"]
[WhiteElo "1382"]
[BlackElo "1034"]
[PlyCount "51"]
[EventDate "2019.??.??"]
[WhiteTeam "SV Dettingen Erms"]
[BlackTeam "SC Feuerbach e. V."]

1. c4 e5 2. Nc3 Nf6 3. g3 d5 4. cxd5 Nxd5 5. Bg2 Nb4 6. Nf3 N8c6 7. O-O Be6 8.
d3 Qd7 9. a3 Nd5 10. Ng5 O-O-O 11. Nxe6 fxe6 12. Qa4 Nxc3 13. bxc3 Nb8 14. Qxa7
c6 15. Be3 b5 16. Qa8 Qb7 17. Qxb7+ Kxb7 18. Rfb1 Ka6 19. a4 c5 20. axb5+ Kb6
21. Ra2 Be7 22. c4 Rd7 23. Bd2 Kc7 24. b6+ Kd8 25. Ra8 Bd6 26. Bc6 1-0

[Event "Int. StuttgarterStadtmeisterschaft C"]
[Site "Ditzingen"]
[Date "2019.06.01"]
[Round "5.13"]
[White "Ohler, Bettina"]
[Black "Lin, Jean-Claude"]
[Result "0-1"]
[WhiteElo "894"]
[BlackElo "1366"]
[PlyCount "60"]
[EventDate "2019.??.??"]
[WhiteTeam "SG Trier"]
[BlackTeam "SC Sillenbuch"]

1. d4 Nf6 2. Bf4 c5 3. e3 cxd4 4. exd4 e6 5. Nf3 Qb6 6. Qc1 Nc6 7. c3 Be7 8.
Be2 a5 9. a4 d6 10. Bb5 Bd7 11. O-O Nh5 12. Be3 Qc7 13. Na3 Nf6 14. Nc4 e5 15.
Qd2 d5 16. Ncxe5 Nxe5 17. Bxd7+ Nexd7 18. Bh6 gxh6 19. Qxh6 Ne4 20. Rfe1 O-O-O
21. Re2 Ndf6 22. Ne5 Rhg8 23. Nxf7 Rdf8 24. Qh3+ Qd7 25. Qxd7+ Nxd7 26. f3 Rxf7
27. fxe4 Nf6 28. h3 Nxe4 29. Rf1 Rxf1+ 30. Kxf1 Ng3+ 0-1

[Event "Int. StuttgarterStadtmeisterschaft C"]
[Site "Ditzingen"]
[Date "2019.06.01"]
[Round "5.14"]
[White "Lang, Justus"]
[Black "Eid, Sami"]
[Result "1-0"]
[WhiteElo "1305"]
[BlackElo "1189"]
[PlyCount "61"]
[EventDate "2019.??.??"]
[WhiteTeam "SK e4 Gerlingen"]
[BlackTeam "SF Freiberg"]

1. e4 e5 2. Nf3 Nc6 3. Bc4 Bc5 4. Nc3 Nf6 5. O-O d6 6. Na4 Bg4 7. Nxc5 dxc5 8.
c3 Qd6 9. Qe2 a6 10. Qe3 h6 11. a3 O-O 12. b4 b6 13. h3 Bh5 14. Nh4 cxb4 15.
axb4 b5 16. Bb3 Ne7 17. Qg3 Nxe4 18. Qe3 Nf6 19. Re1 Nd7 20. Qg3 g5 21. d3 Kh8
22. Bxg5 hxg5 23. Qxg5 Bg6 24. Nxg6+ Qxg6 25. Qxe7 Qf5 26. Qh4+ Kg7 27. Re3 Qh7
28. Qg4+ Qg6 29. Qxd7 Rg8 30. Rg3 Qxg3 31. fxg3 1-0

[Event "Int. StuttgarterStadtmeisterschaft C"]
[Site "Ditzingen"]
[Date "2019.06.01"]
[Round "5.15"]
[White "Motzer, Eric"]
[Black "Wilczek, Daniel"]
[Result "1/2-1/2"]
[WhiteElo "1249"]
[BlackElo "1286"]
[PlyCount "111"]
[EventDate "2019.??.??"]
[WhiteTeam "SF Nabern"]
[BlackTeam "SV Backnang"]

1. e4 e5 2. Nf3 Nc6 3. Bb5 a6 4. Ba4 Bc5 5. c3 Qf6 6. O-O Nge7 7. d3 h6 8. Re1
O-O 9. Nbd2 d5 10. exd5 Nxd5 11. Ne4 Qe7 12. Bxc6 bxc6 13. Nxc5 Qxc5 14. Rxe5
Qd6 15. h3 Qg6 16. Kh1 Bb7 17. Re1 Rad8 18. d4 c5 19. Ne5 Qf5 20. Qf3 Qxf3 21.
Nxf3 cxd4 22. Nxd4 Nf6 23. Be3 Ne4 24. Rad1 Bd5 25. f3 Nf6 26. b3 Ra8 27. c4
Be6 28. Nxe6 fxe6 29. Bf4 Ra7 30. Rxe6 Kf7 31. Re2 Nh5 32. Bh2 c5 33. Kg1 Re8
34. Rxe8 Kxe8 35. Bd6 Rd7 36. Re1+ Kf7 37. Bxc5 Nf4 38. b4 Rd2 39. g3 Rg2+ 40.
Kf1 Rxg3 41. Bd6 Rxf3+ 42. Kg1 Nxh3+ 43. Kg2 Rd3 44. c5 Ng5 45. a4 Rb3 46. c6
Rc3 47. c7 Ne6 48. Bc5 Nxc7 49. Re7+ Kg6 50. Rxc7 Ra3 51. Rc6+ Kf5 52. Rxa6 g5
53. b5 Ra2+ 54. Kg3 Rc2 55. Bf2 h5 56. Kf3 {(...)} 1/2-1/2

[Event "Int. StuttgarterStadtmeisterschaft C"]
[Site "Ditzingen"]
[Date "2019.06.01"]
[Round "5.17"]
[White "Herbst, Karin"]
[Black "Wippermann, Tim"]
[Result "0-1"]
[WhiteElo "1410"]
[BlackElo "908"]
[PlyCount "174"]
[EventDate "2019.??.??"]
[WhiteTeam "Zentrumsbauer Stuttgart"]
[BlackTeam "SF Freiberg"]

1. c4 e5 2. Nc3 Nf6 3. Nf3 Nc6 4. d4 exd4 5. Nxd4 Bc5 6. e3 O-O 7. Be2 d6 8.
Nxc6 bxc6 9. O-O d5 10. Qc2 Qe7 11. Bf3 Bg4 12. Bxg4 Nxg4 13. h3 Nf6 14. cxd5
cxd5 15. Bd2 c6 16. Rfe1 Rac8 17. Ne2 Bb4 18. a3 Bxd2 19. Qxd2 Rfd8 20. Rac1
Ne4 21. Qc2 h6 22. f3 Nf6 23. Ng3 g6 24. Qa4 c5 25. Qh4 Kg7 26. Kf2 Qd7 27. Ne2
d4 28. exd4 cxd4 29. Rxc8 Rxc8 30. Kg1 d3 31. Nc3 d2 32. Rd1 Re8 33. Qf2 Re1+
34. Rxe1 dxe1=Q+ 35. Qxe1 Qb7 36. Qd2 a5 37. Kf1 Qb6 38. Qe2 Nh5 39. Qe5+ Kh7
40. Ne4 Qd8 41. Kg1 f6 42. Qe6 Kg7 43. Nd6 Qf8 44. g4 Nf4 45. Qd7+ Kg8 46. Kh2
g5 47. Nf5 Ng6 48. Qd5+ Kh8 49. Qxa5 Ne5 50. Kg2 Nc4 51. Qa7 Nxb2 52. Qe7 Qxe7
53. Nxe7 Kg7 54. Nd5 Nc4 55. a4 Kf7 56. Kf2 Ke6 57. Nc3 Ke5 58. Ne2 Kd5 59. Ke1
Kc5 60. Kd1 Kb4 61. Nd4 Kxa4 62. Nf5 Ne5 63. Ke2 Nf7 64. Ke3 Kb5 65. Ke4 Kc6
66. Ng7 Nd6+ 67. Kd4 Kd7 68. Nf5 Nb5+ 69. Ke4 Nc3+ 70. Kd4 Ne2+ 71. Ke4 Ke6 72.
Nxh6 Ng1 73. Nf5 Nxh3 74. Ng7+ Kf7 75. Nh5 Nf2+ 76. Kf5 Nh3 77. Nxf6 Kg7 78.
Ne4 Kh6 79. Ng3 Kg7 80. Ne4 Kh6 81. Ng3 Nf2 82. Ne4 Nh3 83. Nxg5 Nxg5 84. f4
Nf7 85. g5+ Kg7 86. g6 Nh8 87. Kg5 Nxg6 $138 0-1

[Event "Int. StuttgarterStadtmeisterschaft C"]
[Site "Ditzingen"]
[Date "2019.06.01"]
[Round "5.18"]
[White "Rodewald, Colin"]
[Black "Bitzel, Hubert"]
[Result "1/2-1/2"]
[WhiteElo "1157"]
[BlackElo "1459"]
[PlyCount "64"]
[EventDate "2019.??.??"]
[WhiteTeam "TSV Denkendorf"]
[BlackTeam "TSF Ditzingen"]

1. e4 e5 2. Nf3 d5 3. exd5 Bd6 4. Nc3 a6 5. d4 e4 6. Nxe4 Qe7 7. Bd3 f5 8. Qe2
fxe4 9. Qxe4 Nf6 10. Qxe7+ Bxe7 11. c4 O-O 12. O-O c6 13. Re1 Re8 14. Bg5 Nbd7
15. Bxf6 Nxf6 16. Ng5 cxd5 17. cxd5 Bd7 18. Ne6 Nxd5 19. Bc4 Nb6 20. Nc7+ Nxc4
21. Nxa8 Bd8 22. Rxe8+ Bxe8 23. Rc1 b5 24. b3 Nd6 25. Nc7 Kf7 26. Nxe8 Nxe8 27.
Rc6 Nc7 28. Kf1 Ke7 29. Ke2 Kd7 30. d5 Nxd5 31. Rxa6 Bb6 32. Ra8 Kc7 1/2-1/2

[Event "Int. StuttgarterStadtmeisterschaft C"]
[Site "Ditzingen"]
[Date "2019.06.01"]
[Round "5.20"]
[White "JÃ¼nk, Lenny"]
[Black "SchrÃ¶der, Martin"]
[Result "0-1"]
[WhiteElo "1110"]
[BlackElo "1378"]
[PlyCount "80"]
[EventDate "2019.??.??"]
[WhiteTeam "SC Leinzell"]
[BlackTeam "SK Heidenheim"]

1. e4 c5 2. Nc3 Nc6 3. Nf3 e6 4. Bc4 a6 5. a4 Na5 6. Ba2 Rb8 7. Qe2 Bd6 8. e5
Bc7 9. d4 cxd4 10. Nxd4 d6 11. Bf4 Ne7 12. Rd1 Ng6 13. Bg3 Qe7 14. Nf3 d5 15.
O-O Qb4 16. Rb1 Bd7 17. Rfd1 Nc6 18. Rd3 Qg4 19. Qe3 Qb4 20. Rbd1 Rd8 21. b3
Bb6 22. Qe2 Nce7 23. Bb1 Nf5 24. Na2 Qe7 25. Nd2 Nxg3 26. Rxg3 Bc7 27. c3 O-O
28. Qh5 Bxe5 29. Rh3 Bxh2+ 30. Rxh2 h6 31. Bxg6 fxg6 32. Qxg6 Rf6 33. Qh5 Qa3
34. Nb4 Qb2 35. Rh3 Rdf8 36. Nxd5 exd5 37. Qxd5+ Be6 38. Nc4 Qxf2+ 39. Kh2 Bxd5
40. Rxd5 Rg6 0-1

[Event "Int. StuttgarterStadtmeisterschaft C"]
[Site "Ditzingen"]
[Date "2019.06.01"]
[Round "6.1"]
[White "Izquierdo, Antonio"]
[Black "Kandler, Christoph"]
[Result "0-1"]
[WhiteElo "1409"]
[BlackElo "1385"]
[PlyCount "74"]
[EventDate "2019.??.??"]
[WhiteTeam "TSF Ditzingen"]
[BlackTeam "SF Nabern"]

1. e4 e5 2. Bc4 Nf6 3. Nf3 Bd6 4. Nc3 Nc6 5. d3 h6 6. a3 a6 7. b4 b5 8. Bb3 Bb7
9. O-O O-O 10. Nh4 Nd4 11. Nf5 Nxb3 12. cxb3 Re8 13. Qf3 Bf8 14. Ne2 d5 15. Qg3
Kh7 16. Qh4 Ng8 17. Bg5 Qxg5 18. Rac1 Qxh4 19. Nxh4 Rac8 20. Nc3 Nf6 21. Rfe1
d4 22. Ne2 c5 23. bxc5 Bxc5 24. Ra1 b4 25. a4 a5 26. f3 Ba6 27. Red1 Be7 28.
Nf5 Bf8 29. f4 Ng4 30. fxe5 Nxe5 31. Nc1 Rc3 32. Nxd4 Nxd3 33. Nb5 Rxc1 34.
Raxc1 Nxc1 35. Rxc1 Rxe4 36. Nc7 Bb7 37. Rf1 Bc5+ 0-1

[Event "Int. StuttgarterStadtmeisterschaft C"]
[Site "Ditzingen"]
[Date "2019.06.01"]
[Round "6.2"]
[White "Laun, Hauke"]
[Black "Schmidt, Victor"]
[Result "0-1"]
[WhiteElo "1299"]
[BlackElo "1461"]
[PlyCount "74"]
[EventDate "2019.??.??"]
[WhiteTeam "SF Pfullingen"]
[BlackTeam "SK e4 Gerlingen"]

1. d4 d5 2. Bf4 Nf6 3. e3 e6 4. c3 Be7 5. Nd2 Bd7 6. Ngf3 O-O 7. Bd3 c5 8. Ne5
c4 9. Bc2 Nc6 10. Ndf3 b5 11. b4 Nh5 12. Nxc6 Bxc6 13. Ne5 Nxf4 14. Nxc6 Nxg2+
15. Kd2 Qe8 16. Nxe7+ Qxe7 17. Qg4 Nh4 18. Rhg1 Ng6 19. h4 Qxh4 20. Qg2 Qf6 21.
Rh1 h6 22. Bxg6 fxg6 23. Ke2 Kh7 24. a4 a6 25. a5 Qf5 26. Rad1 Qc2+ 27. Rd2
Qxc3 28. Rg1 Rf6 29. Rb1 Raf8 30. Kd1 Rf5 31. f4 Qxe3 32. Kc2 Rxf4 33. Rbd1 Rf2
34. Qg4 Qb3+ 35. Kc1 Qc3+ 36. Kb1 Rxd2 37. Rxd2 Qxd2 0-1

[Event "Int. StuttgarterStadtmeisterschaft C"]
[Site "Ditzingen"]
[Date "2019.06.01"]
[Round "6.3"]
[White "Heel, Lorenzo"]
[Black "Ropertz, Benjamin"]
[Result "1-0"]
[WhiteElo "1146"]
[BlackElo "1260"]
[PlyCount "128"]
[EventDate "2019.??.??"]
[WhiteTeam "SF Pfullingen"]
[BlackTeam "TSF Ditzingen"]

1. d4 b5 2. Bf4 Bb7 3. e3 Nf6 4. Nf3 b4 5. a3 e6 6. axb4 Bxb4+ 7. c3 Be7 8. Bd3
h6 9. Nbd2 d5 10. Qc2 Nbd7 11. Ne5 Nh5 12. Qa4 Nxf4 13. exf4 Bd6 14. Qxd7+ Qxd7
15. Nxd7 Kxd7 16. f5 c5 17. fxe6+ fxe6 18. Nf3 c4 19. Bc2 Rhe8 20. Kd2 Bf4+ 21.
Kd1 g5 22. g3 Bc7 23. Re1 Bc6 24. Ne5+ Bxe5 25. Rxe5 Kd6 26. Ra6 Kc7 27. Ke2
Bd7 28. Ke3 Bc8 29. Ra5 Bb7 30. Ra1 a5 31. f4 gxf4+ 32. Kxf4 Rf8+ 33. Ke3 Bc8
34. Rh5 Rf6 35. Ke2 Bd7 36. Rf1 Rxf1 37. Kxf1 Rb8 38. Rxh6 Rxb2 39. Bd1 a4 40.
Rh8 a3 41. Ra8 a2 42. Ke1 Rxh2 43. Be2 Rg2 44. Rxa2 Rxg3 45. Rc2 Be8 46. Kf2
Bg6 47. Rc1 Rh3 48. Bg4 Rd3 49. Bxe6 Be4 50. Bg4 Kb6 51. Be2 Rh3 52. Ke1 Ka5
53. Bd1 Kb6 54. Be2 Kc7 55. Bd1 Kd8 56. Be2 Bd3 57. Bd1 Ke7 58. Kf2 Kf6 59. Ke1
Kg5 60. Kf2 Kf4 61. Kg2 Rg3+ 62. Kf2 Be4 63. Kf1 Ke3 64. Bh5 Bd3+ 1-0

[Event "Int. StuttgarterStadtmeisterschaft C"]
[Site "Ditzingen"]
[Date "2019.06.01"]
[Round "6.5"]
[White "Konz, Andreas"]
[Black "Martin, Peter"]
[Result "0-1"]
[WhiteElo "1273"]
[BlackElo "1390"]
[PlyCount "102"]
[EventDate "2019.??.??"]
[WhiteTeam "SC Ingersheim e.V."]
[BlackTeam "SC Wittlich 1947"]

1. d4 Nf6 2. Nf3 g6 3. e3 Bg7 4. Nbd2 d6 5. b3 O-O 6. Bb2 c5 7. Bd3 b6 8. O-O
Bb7 9. Bc4 d5 10. Be2 Nc6 11. Ne5 Nxe5 12. dxe5 Nd7 13. f4 e6 14. Bd3 f6 15.
Nf3 fxe5 16. fxe5 Qc7 17. Ng5 Rxf1+ 18. Bxf1 Re8 19. c4 Bxe5 20. Bxe5 Qxe5 21.
cxd5 exd5 22. Nf3 Qxe3+ 23. Kh1 Nf6 24. Bb5 Ne4 25. Qb1 Nf2+ 26. Kg1 Ng4+ 27.
Kh1 Rd8 28. h3 a6 29. hxg4 axb5 30. Qf1 c4 31. Re1 Qh6+ 32. Nh2 Qf8 33. Qg1 d4
34. Rf1 Qd6 35. bxc4 bxc4 36. Rc1 c3 37. Qf1 Qc6 38. Nf3 Rf8 39. Kh2 Qd6+ 40.
Kh3 Bxf3 41. gxf3 Qd5 42. Kg3 b5 43. f4 Qc4 44. Qe1 d3 45. Rxc3 Qxf4+ 46. Kh3
d2 47. Qe6+ Kh8 48. Rd3 Qf1+ 49. Kh4 g5+ 50. Kxg5 Rg8+ 51. Kh5 Qh1+ 0-1

[Event "Int. StuttgarterStadtmeisterschaft C"]
[Site "Ditzingen"]
[Date "2019.06.01"]
[Round "6.6"]
[White "Wohlgemuth, Wolfgang"]
[Black "Dietrich, Malte"]
[Result "0-1"]
[WhiteElo "1123"]
[BlackElo "1382"]
[PlyCount "71"]
[EventDate "2019.??.??"]
[WhiteTeam "TG Biberach"]
[BlackTeam "SV Dettingen Erms"]

1. d4 Nf6 2. c4 g6 3. Nc3 d5 4. Bg5 Ne4 5. Nxe4 dxe4 6. h3 Bg7 7. e3 c5 8. Ne2
cxd4 9. exd4 Nc6 10. Be3 O-O 11. Rb1 Qa5+ 12. Nc3 Rd8 13. Bd2 Nxd4 14. a4 Qe5
15. Be2 Nf5 16. O-O Bh6 17. Nd5 e6 18. Bc3 Qd6 19. Qc2 exd5 20. Rbd1 d4 21.
Qxe4 Qc5 22. g4 Bg7 23. b4 Qb6 24. c5 Qf6 25. gxf5 Bxf5 26. Qf4 dxc3 27. Rc1
Bxh3 28. Qxf6 Bxf6 29. Rfe1 Bf5 30. Bf3 Rab8 31. Re3 Be6 32. Rexc3 Bxc3 33.
Rxc3 Bd5 34. Be2 h5 35. b5 Re8 36. a5 0-1

[Event "Int. StuttgarterStadtmeisterschaft C"]
[Site "Ditzingen"]
[Date "2019.06.01"]
[Round "6.7"]
[White "Lin, Jean-Claude"]
[Black "Erhardt, Daniel"]
[Result "1-0"]
[WhiteElo "1366"]
[BlackElo "1264"]
[PlyCount "31"]
[EventDate "2019.??.??"]
[WhiteTeam "SC Sillenbuch"]
[BlackTeam "Schach-Kids Bernhausen e.V."]

1. d4 d5 2. Bg5 Nc6 3. Nf3 Bf5 4. c3 f6 5. Bh4 Qd7 6. e3 Bg4 7. Be2 e5 8. h3 e4
9. hxg4 exf3 10. Bxf3 Be7 11. Bg3 f5 12. gxf5 Nh6 13. Bh5+ Kd8 14. Bg4 Nxf5 15.
Qd3 h5 16. Bxf5 1-0

[Event "Int. StuttgarterStadtmeisterschaft C"]
[Site "Ditzingen"]
[Date "2019.06.01"]
[Round "6.9"]
[White "Hilger, Herbert"]
[Black "Volk, Emil"]
[Result "0-1"]
[WhiteElo "1303"]
[BlackElo "1219"]
[PlyCount "84"]
[EventDate "2019.??.??"]
[WhiteTeam "SV Stuttgart-Wolfbusch"]
[BlackTeam "SC Grunbach"]

1. e4 d5 2. exd5 Nf6 3. Nc3 Nxd5 4. Nxd5 Qxd5 5. d4 Nc6 6. c3 e5 7. Ne2 Bg4 8.
f3 Bf5 9. Be3 O-O-O 10. Ng3 Bg6 11. Bd3 Be7 12. c4 Qa5+ 13. Bd2 Bb4 14. Bxg6
hxg6 15. d5 Nd4 16. Ne4 f5 17. Nc3 e4 18. a3 e3 19. Bxe3 Bxc3+ 20. bxc3 Qxc3+
21. Kf2 Qb2+ 22. Qd2 Qxd2+ 23. Bxd2 Rhe8 24. Bg5 Re2+ 25. Kg3 Rf8 26. Rhe1 Rc2
27. Rac1 Ne2+ 28. Rxe2 Rxe2 29. Rc3 Kd7 30. Re3 Rxe3 31. Bxe3 b6 32. Bd4 Rf7
33. f4 c6 34. Be5 Re7 35. d6 Re6 36. h4 b5 37. c5 a5 38. Kf3 b4 39. axb4 Rxe5
40. fxe5 a4 41. b5 cxb5 42. c6+ Kxc6 0-1

[Event "Int. StuttgarterStadtmeisterschaft C"]
[Site "Ditzingen"]
[Date "2019.06.01"]
[Round "6.10"]
[White "Skottke, Oliver"]
[Black "Wolff, Calvin"]
[Result "1/2-1/2"]
[WhiteElo "1439"]
[BlackElo "1181"]
[PlyCount "56"]
[EventDate "2019.??.??"]
[WhiteTeam "TSF Ditzingen"]
[BlackTeam "Heilbronner SV"]

1. b4 d5 2. Bb2 Bf5 3. e3 a6 4. a4 Nc6 5. b5 Nb4 6. d3 axb5 7. axb5 e6 8. Nf3
Rxa1 9. Bxa1 Qa8 10. Nbd2 Qa2 11. Bc3 Nxc2+ 12. Ke2 Na3 13. Qa1 Qxa1 14. Bxa1
Nxb5 15. Nh4 Nf6 16. Nxf5 exf5 17. g3 c6 18. Bh3 Bb4 19. Bxf5 c5 20. d4 c4 21.
Rb1 Bxd2 22. Rxb5 c3 23. Rxb7 O-O 24. Rc7 Ne4 25. Bxe4 dxe4 26. Bxc3 Bxc3 27.
Rxc3 Rd8 28. d5 f5 1/2-1/2

[Event "Int. StuttgarterStadtmeisterschaft C"]
[Site "Ditzingen"]
[Date "2019.06.01"]
[Round "6.11"]
[White "SchrÃ¶der, Martin"]
[Black "Burkert, Rolf"]
[Result "1/2-1/2"]
[WhiteElo "1378"]
[BlackElo "1206"]
[PlyCount "38"]
[EventDate "2019.??.??"]
[WhiteTeam "SK Heidenheim"]
[BlackTeam "SK e4 Gerlingen"]

1. d4 d5 2. Nf3 Nf6 3. e3 e6 4. b3 a6 5. Bb2 b5 6. Ba3 Be7 7. Bd3 b4 8. Bb2 Bb7
9. a3 c5 10. Ne5 Nc6 11. O-O Qc7 12. Qe2 Bd6 13. f4 O-O 14. Nd2 cxd4 15. exd4
bxa3 16. Bc3 Nb4 17. Bxb4 Bxb4 18. Nb1 Rfc8 19. Rc1 Ne4 1/2-1/2

[Event "Int. StuttgarterStadtmeisterschaft C"]
[Site "Ditzingen"]
[Date "2019.06.01"]
[Round "6.12"]
[White "Hertlein, Markus"]
[Black "Hennicken, Arnold"]
[Result "0-1"]
[WhiteElo "1227"]
[BlackElo "1372"]
[PlyCount "74"]
[EventDate "2019.??.??"]
[WhiteTeam "SF 90 Spraitbach"]
[BlackTeam "SF Esch e. V."]

1. e4 e5 2. f4 exf4 3. Nf3 Be7 4. Bc4 d6 5. O-O Nc6 6. d4 g5 7. c3 h6 8. Nh4
Bf6 9. Nf5 Rh7 10. Qf3 Bxf5 11. exf5 Nge7 12. Re1 Kf8 13. Nd2 d5 14. Bb3 a6 15.
Qh5 Qd7 16. Nf3 Qxf5 17. Re2 Qd7 18. Bc2 Rh8 19. Bd2 Kg7 20. Ne5 Qe8 21. Rae1
Nd8 22. Ng4 Ne6 23. Rxe6 fxe6 24. Qxe8 Raxe8 25. Rxe6 Rhf8 26. Ne5 Bxe5 27.
Rxe5 Nc6 28. Rxe8 Rxe8 29. Kf2 Kf6 30. b3 Ne7 31. Bd3 Nf5 32. c4 dxc4 33. Bxc4
Nxd4 34. Bc3 Rd8 35. g3 Ke5 36. Bxd4+ Rxd4 37. gxf4+ Kxf4 0-1

[Event "Int. StuttgarterStadtmeisterschaft C"]
[Site "Ditzingen"]
[Date "2019.06.01"]
[Round "6.13"]
[White "Herzig, Karl"]
[Black "Winterkorn, Nikolaus"]
[Result "0-1"]
[WhiteElo "963"]
[BlackElo "1358"]
[PlyCount "120"]
[EventDate "2019.??.??"]
[WhiteTeam "SC Sillenbuch"]
[BlackTeam "DJK Sportbund Stgt."]

1. d4 d5 2. Nc3 e6 3. Bf4 a6 4. Qd3 Nd7 5. Qe3 Ngf6 6. h3 Be7 7. O-O-O c5 8.
dxc5 Bxc5 9. Qg3 O-O 10. Bh6 Nh5 11. Qg5 Qxg5+ 12. Bxg5 Bxf2 13. g4 Nhf6 14. e3
h6 15. Bf4 e5 16. Bh2 Bxe3+ 17. Kb1 d4 18. Nce2 Bxg1 19. Rxg1 Re8 20. Bg2 Rb8
21. Nxd4 b5 22. Rge1 Bb7 23. Nc6 Bxc6 24. Bxc6 Re7 25. Bxd7 Nxd7 26. b3 f6 27.
Rd4 Rb6 28. Bg1 Rc6 29. Rd5 Kf7 30. Bc5 Nxc5 31. b4 Na4 32. Rd3 Ke6 33. a3 Rc3
34. Kc1 Rxd3 35. cxd3 Rd7 36. Kc2 Nb6 37. Kc3 Rd4 38. Re3 Nd5+ 39. Kd2 Nxe3 40.
Kxe3 Kd5 41. Ke2 e4 42. dxe4+ Rxe4+ 43. Kd3 Re1 44. h4 Ra1 45. Ke3 Rxa3+ 46.
Kf4 Ke6 47. h5 Ra4 48. Kg3 Rxb4 49. Kh4 f5 50. Kg3 Rxg4+ 51. Kf3 Rc4 52. Ke3 a5
53. Kd3 a4 54. Kd2 a3 55. Kd3 a2 56. Kd2 a1=Q 57. Ke2 Qa3 58. Kd2 Rb4 59. Kc2
Rb2+ 60. Kc1 Qa1# 0-1